Statistics for How to train your dragon classes

Click here to take the quiz!

General Stats

  • This quiz has been taken 313 times
    (245 since last reset)
  • The average score is 22 of 35

Answer Stats

QuestionAnswer% Correct
gronckleboulder
96%
seashockertidal
93%
scauldrontidal
92%
hideous zipplebackMystery
83%
changewingmystery
82%
thunderdrumtidal
80%
Catastrophic QuakenBoulder
78%
Death SongMystery
77%
monstrous nightmarestoker
76%
Razor whipsharp
75%
eruptodonboulder
74%
hotburpleboulder
73%
rumblehorntracker
73%
skrillstrike
70%
night furystrike
67%
typhoomerangstoker
65%
snaptrappermystery
62%
terrible terrorstoker
62%
Triple Strykestrike
60%
boneknappermystery
58%
SlitherwingMystery
55%
raincuttersharp
55%
BewilderbeastTidal
55%
deadly naddertracker
54%
sentinelboulder
52%
screaming /whispering deathboulder
50%
flightmaremystery
50%
stormcuttersharp
49%
dramillonmystery
48%
armor wingmystery
43%
speedstingersharp
42%
Smothering Smoke BreathsMystery
40%
red deathstoker
36%
hobblegruntstoker
30%
Grim GnasherSharp
28%

Score Distribution

Percentile by Number Answered

Percent of People with Each Score

Your Score History

You have not taken this quiz since the last reset